Prezidenti

Enregistré dans:
Détails bibliographiques
Auteur principal: Liška, Vladimír
Format: Livre
Langue:tchèque
Publié: Praha Nakladatelství XYZ 2018
Sujets:
Tags: Ajouter un tag
Pas de tags, Soyez le premier à ajouter un tag!

MARC

LEADER 00000nam a2200000 4500
001 0257289
005 20240221113119.4
020 |a 978-80-7505-876-8 
041 0 |a cze 
044 |a CZ 
245 1 0 |a Prezidenti  |c Vladimír Liška 
264 1 |a Praha  |b Nakladatelství XYZ  |c 2018 
300 |a 220 s. 
610 2 0 |a prezidenti 
610 2 0 |a moc politická 
610 2 0 |a osobnosť 
610 2 0 |a štát 
610 2 0 |a vývoj politický 
610 2 0 |a vzťahy zahraničné 
610 2 0 |a diplomacia 
610 2 0 |a história 
610 2 0 |a Československo 
610 2 0 |a Česko 
100 1 |a Liška, Vladimír